000 00685nam a2200289Ia 4500
005 20260324133114.0
008 008 260324s9999 xx 000 0 eng d
020 _a9781315889245
037 _aEBOOK
040 _aCRL
040 _beng
040 _cCRL
041 _2eng
041 _aeng
084 _qCRL
100 _aNancy A. Naples
245 0 _aFeminism and Method
245 0 _bEthnography, Discourse Analysis, and Activist Research
260 _bTaylor and Francis
260 _c2003
365 _a
365 _b280
856 _uhttp://www.taylorfrancis.com/books/9781315889245
942 _cEBOOK
999 _c1790565
_d1790565